Čaro voľnej chvíle

Bibliographic Details
Main Author: Bezáková, Jana (Author)
Format: Article
Language:Slovak
Subjects:

MARC

LEADER 00000nab a2200000ua 4500
001 vtls010778327
003 SK-MaSNL
005 20260303210758.0
008 230222s1988 xo |||||||||||||||||slo|
035 |a (urnnbn)urn:nbn:sk:snk:ar-a006pe 
035 |a (uuid)3bf0cdaa-1d4b-4882-86ac-1e50fff8614c 
035 |a urn:nbn:sk:snk-ab458y 
040 |a SNKBUCL  |b slo  |c SNKBUCL  |e AACR2 
041 0 |a slo 
044 |a xo  |c SK 
100 1 |a Bezáková, Jana  |4 aut  |9 489527 
245 1 0 |a Čaro voľnej chvíle  |c Jana Bezáková 
650 0 7 |a voľný čas  |2 SNKPH  |9 3355 
650 0 7 |a rodičia a deti  |2 SNKPH  |9 63347 
773 0 |t Rodina a škola  |g Roč. 35, č. 1 (1988), s. [b] 
954 |a odborná, vedecká literatúra pôvodná (slovenská)  |2 lita 
958 |a OND 
958 |a EUIPO 
958 |a article3 
999 |c 2201633  |d 2203563